00692 2200301 4500001002100000008004100021035002000062245007500082100002500157110000600182250000600188260004100194300001200235020000600247022000600253024000600259084001000265520000600275082001000281650003200291863001300323990000900336990000900345990000900354990000900363990000900372990000900381INLIS000000000000188 ind  a0010-0919000008 aDari Sunyi Ke BunyibKumpulan Esai Tentang PuisicHartodjo Andangdjaja aHartodjo Andangdjaja a0 a1 aJakartabPustaka Utama Grafitic1996 a0c21cm a0 a0 a0 aAND d a0 a800.1 aKumpulan Esai Tentang Puisi a02-03-09 a2356 a1187 a1187 a2356 a2356 a1187